00806naa#a2200169#i#4500001004000000005001700040011001400057100004100071101000800112102000700120200018600127210019500313215001000508608004500518700005200563856002100615RU\FGKOU VO SPBU MVD ROSSII\bibl\12583820260701024357.3##a2071-8284##a20260630b2026####ek#y0rusy0150####ca0#aRUS##aRU1#aВандализм: эволюция понятия и проблемы уголовно-правовой квалификации в XXI векеeЖурнальная статья1#aСанкт-ПетербургcСАНКТ-ПЕТЕРБУРГСКИЙ УНИВЕРСИТЕТ МИНИСТЕРСТВА ВНУТРЕННИХ ДЕЛ РОССИЙСКОЙ ФЕДЕРАЦИИd2026##a8 с.##aЖурнальная статья2local#1aЧудиноваgМария Сергеевна4#avestnikspbmvd.ru